| 000 | 00875nam a2200253 a 4500 | ||
|---|---|---|---|
| 001 | BRL_1897 | ||
| 005 | 20190320211425.0 | ||
| 008 | 130815s1985----mx-#######---#000-0#spa-# | ||
| 020 | _a9684520735 | ||
| 041 | _aspa | ||
| 044 | _amx | ||
| 050 | 4 |
_aF1230 _b.C47 1985 |
|
| 100 | 1 |
_aCervantes de Salazar, Francisco _d1514-1575. _98151 |
|
| 245 | 1 | 0 |
_aCrónica de la Nueva España _cFrancisco Cervantes de Salazar ; prólogo por Juan Miralles Ostos. |
| 260 |
_aMéxico _bEditorial Porrúa _c1985 |
||
| 300 |
_axxxix, 860 p. _c24 cm. |
||
| 440 | 0 |
_aBiblioteca Porrúa _v84 _928183 |
|
| 500 | _aAu1928 | ||
| 500 | _aIncluye índice onomástico, geodráfico y de palabras indígenas. | ||
| 500 | _aVer también número de sistema 3886 perteneciente al Fondo General Franz Mayer | ||
| 651 | 4 |
_aMéxico _xHistoria _yConquista, 1519-1540 _9442 |
|
| 902 | _aGRL | ||
| 942 |
_2lcc _cB |
||
| 999 |
_c10705 _d10705 |
||